| 000 | 00843nam0a22002891 4500 | ||
|---|---|---|---|
| 001 | rc\4012860 | ||
| 005 | 20250611055103.0 | ||
| 021 |
_aRU _b[55-34491] |
||
| 035 | _a(NLR Aleph) 008080879 | ||
| 090 |
_a9122768 _c9122768 |
||
| 100 | _a20130415d1955 |||y0rusy50 ca | ||
| 101 | 0 | _arus | |
| 102 | _aRU | ||
| 105 | _aa b ||||| | ||
| 200 | 1 | _aТорпедный катер | |
| 205 | _a3-е изд. | ||
| 210 |
_aМосква _cВоениздат _d1955 |
||
| 215 |
_a107 с. _cил. _d20 |
||
| 606 | 1 |
_aТорпедные катера советские _xБоевые действия _z1941 - 1945 _92571797 _3RU\NLR\AUTH\6601732172 |
|
| 686 | 1 | _aЦ35(2)722-66 | |
| 700 | 1 |
_aКириллов _bА. |
|
| 801 | 0 |
_aRU _bNLR _gpsbo |
|
| 801 | 1 |
_aRU _bELAR _2rusmarc |
|
| 852 |
_aNLR _jВ80 Г-3/71 |
||
| 942 | _cBOOK | ||
| 980 | _aNB | ||